[Event "GER-chT Lands U20"]
[White "Khamenya, Vitalia"]
[Black "Haenselmann, Hendrik"]
[Site "Wuerzburg"]
[Round "3.6"]
[Result "1-0"]
[Date "2019.10.03"]
[WhiteElo "1908"]
[BlackElo "1732"]
[PlyCount "117"]
[EventDate "2019.10.01"]
[EventType "team-swiss"]
[EventRounds "7"]
[EventCountry "GER"]
[SourceTitle "EXT 2020"]
[Source "ChessBase"]
[SourceDate "2019.10.17"]
[SourceVersion "1"]
[SourceVersionDate "2019.10.17"]
[SourceQuality "1"]
[WhiteTeam "Bayern II"]
[BlackTeam "Baden"]
[WhiteTeamCountry "GER"]
[BlackTeamCountry "GER"]

1. e4 c5 2. d4 cxd4 3. c3 dxc3 4. Nxc3 Nc6 5. Nf3 d6 6. Bc4 a6 7. 0-0 Nf6 8. Bf4 Bg4 9. h3 Bxf3 10. Qxf3 e6 11. Rfd1 Qb8 12. Be2 Ne5 13. Qg3 Be7 14. Bxe5 dxe5 15. Qxg7 Rg8 16. Qh6 Rg6 17. Qe3 Qa7 18. Qxa7 Rxa7 19. Bf3 Ra8 20. Rac1 Rd8 21. Na4 b5 22. Rxd8+ Bxd8 23. Nc5 a5 24. Nb7 Bb6 25. Nd6+ Kd7 26. Nxb5 Rg8 27. Rd1+ Kc6 28. Nd6 Rd8 29. Nxf7 Rxd1+ 30. Bxd1 Bd4 31. b3 Kd7 32. Bc2 Nh5 33. Ng5 h6 34. Nf7 Ng3 35. Nxh6 Ke7 36. Bd3 Kf6 37. Ng4+ Kg5 38. Nxe5 Bxe5 39. fxg3 Bxg3 40. Kf1 Kf6 41. Ke2 Kg5 42. Kf3 Bd6 43. g3 Bc7 44. h4+ Kh5 45. Bc4 e5 46. Bf7+ Kh6 47. g4 Bd8 48. g5+ Kg7 49. Be6 Be7 50. Kg4 Bd8 51. h5 Be7 52. h6+ Kh8 53. g6 Bg5 54. g7+ Kh7 55. g8Q+ Kxh6 56. Qxg5+ Kh7 57. Bf7 a4 58. Qg6+ Kh8 59. Qg8# 1-0

[Event "Caldaro op 3rd"]
[White "Perino, Alberto"]
[Black "Khamenya, Vitalia"]
[Site "Caldaro"]
[Round "2"]
[Result "1-0"]
[Date "2018.11.02"]
[WhiteElo "2010"]
[BlackElo "1845"]
[PlyCount "61"]
[EventDate "2018.11.01"]
[EventType "swiss"]
[EventRounds "6"]
[EventCountry "ITA"]
[SourceTitle "EXT 2021"]
[Source "ChessBase"]
[SourceDate "2020.10.23"]
[SourceVersion "1"]
[SourceVersionDate "2020.10.23"]
[SourceQuality "1"]

1. e4 e5 2. d4 exd4 3. c3 dxc3 4. Bc4 Nc6 5. Nf3 Be7 6. Qd5 Nh6 7. Bxh6 0-0 8. Nxc3 gxh6 9. 0-0-0 d6 10. Qh5 Bg5+ 11. Kb1 Be6 12. Bxe6 fxe6 13. h4 Bf6 14. Qxh6 Qe7 15. Ng5 Ne5 16. f3 Rae8 17. Nb5 Bh8 18. Qh5 Rf6 19. Nxh7 Rg6 20. Ng5 Qg7 21. Rd2 Nc4 22. Rc2 a6 23. Nd4 Ne5 24. f4 Nd3 25. Rxc7 Qh6 26. Qf3 Nxb2 27. Rh7 Qf8 28. Qh5 Bxd4 29. Qxg6+ Bg7 30. Rh8+ Kxh8 31. Qh7# 1-0

[Event "EU-chT U18 Girls"]
[White "Khamenya, Vitalia"]
[Black "Gajcin, Marina"]
[Site "Bad Blankenburg"]
[Round "6.2"]
[Result "1-0"]
[Date "2018.07.17"]
[WhiteElo "1770"]
[BlackElo "2269"]
[PlyCount "137"]
[EventDate "2018.07.12"]
[EventType "team-swiss"]
[EventRounds "7"]
[EventCountry "GER"]
[SourceTitle "EXT 2019"]
[Source "ChessBase"]
[SourceDate "2018.10.10"]
[SourceVersion "1"]
[SourceVersionDate "2018.10.10"]
[SourceQuality "1"]
[WhiteTeam "Germany U18 Girls IV"]
[BlackTeam "Serbia U18 Girls"]
[WhiteTeamCountry "GER"]
[BlackTeamCountry "SRB"]

1. e4 c5 2. d4 cxd4 3. c3 d3 4. Bxd3 Nc6 5. c4 d6 6. Nc3 g6 7. Be3 Nf6 8. h3 Bg7 9. Nf3 0-0 10. 0-0 Nd7 11. Rc1 Nc5 12. Bb1 Be6 13. b3 Qa5 14. Qd2 a6 15. Ng5 b5 16. cxb5 axb5 17. Nxe6 Nxe6 18. Nd5 Qxd2 19. Bxd2 Ned4 20. Rfe1 e6 21. Nb4 Rfc8 22. Kf1 Kf8 23. Red1 Ke7 24. Bg5+ Kd7 25. Nxc6 Rxc6 26. Rxc6 Nxc6 27. Be3 Kc7 28. Bd3 b4 29. Rd2 Ra5 30. Rc2 Kb7 31. f4 Bc3 32. g4 d5 33. e5 Ne7 34. Ke2 d4 35. Bf2 Nd5 36. Kf3 Kb8 37. Bg1 Be1 38. Bxd4 Bc3 39. Bf2 h6 40. h4 g5 41. fxg5 hxg5 42. h5 Bxe5 43. h6 Kb7 44. Be4 Ra8 45. h7 Rh8 46. Rc5 Bf6 47. Rb5+ Kc7 48. Bg3+ Kc6 49. Rxb4 Be7 50. Rc4+ Kd7 51. a4 Bd6 52. Bxd6 Kxd6 53. a5 f5 54. gxf5 g4+ 55. Kg3 exf5 56. Bxd5 Kxd5 57. Rc7 Rb8 58. b4 Ke5 59. Rg7 Rh8 60. a6 Kf6 61. Rc7 Kg5 62. a7 f4+ 63. Kf2 Kh4 64. Rg7 g3+ 65. Kf3 Kh3 66. Rg8 g2 67. a8Q g1Q 68. Rxg1 Rxa8 69. Rh1# 1-0

[Event "Stuttgart-chB int"]
[White "Eberhard, Michael"]
[Black "Khamenya, Vitalia"]
[Site "Ditzingen"]
[Round "3"]
[Result "0-1"]
[Date "2018.05.11"]
[WhiteElo "1702"]
[BlackElo "1789"]
[PlyCount "72"]
[EventDate "2018.05.10"]
[EventType "swiss"]
[EventRounds "7"]
[EventCountry "GER"]
[SourceTitle "EXT 2020"]
[Source "ChessBase"]
[SourceDate "2019.10.17"]
[SourceVersion "1"]
[SourceVersionDate "2019.10.17"]
[SourceQuality "1"]

1. d4 Nf6 2. c4 g6 3. Nc3 Bg7 4. e4 d6 5. f4 0-0 6. Nf3 Na6 7. Be2 c5 8. d5 Nc7 9. 0-0 Bd7 10. e5 Nfe8 11. Be3 a6 12. Qd2 b5 13. Rae1 Bh8 14. Ne4 bxc4 15. Bxc4 Bb5 16. b3 Ng7 17. a4 Bxc4 18. bxc4 Nf5 19. Bf2 Qd7 20. Qc2 Rab8 21. Rb1 a5 22. Nc3 Rb4 23. Rxb4 axb4 24. Nb5 Ra8 25. Re1 Nxb5 26. cxb5 Qa7 27. Ra1 Qc7 28. exd6 exd6 29. Ra2 Qe7 30. Ng5 Ne3 31. Qe4 Qxe4 32. Nxe4 b3 33. Re2 Nc4 34. Nxd6 Nxd6 35. Bxc5 b2 36. Re1 Rxa4 0-1

[Event "Heusenstamm Sparkassen op-A 4th"]
[White "Khamenya, Vitalia"]
[Black "Karimi, Farhad"]
[Site "Heusenstamm"]
[Round "3"]
[Result "1/2-1/2"]
[Date "2017.11.24"]
[WhiteElo "1913"]
[BlackElo "2097"]
[PlyCount "93"]
[EventDate "2017.11.23"]
[EventType "swiss"]
[EventRounds "7"]
[EventCountry "GER"]
[SourceTitle "EXT 2019"]
[Source "ChessBase"]
[SourceDate "2018.10.10"]
[SourceVersion "1"]
[SourceVersionDate "2018.10.10"]
[SourceQuality "1"]

1. e4 c6 2. Nf3 d5 3. exd5 cxd5 4. Ne5 Nf6 5. d4 g6 6. Bd3 Nc6 7. c3 Bf5 8. 0-0 Bg7 9. Bc2 Bxc2 10. Qxc2 Rc8 11. Qd3 0-0 12. Nd2 Nd7 13. f4 Ncxe5 14. fxe5 Qb6 15. Kh1 f6 16. exf6 Nxf6 17. Nb3 Ne4 18. Be3 Rf5 19. Rxf5 gxf5 20. Rf1 Rf8 21. Qe2 Qg6 22. Qb5 e6 23. Bf4 Qg4 24. Rf3 Qh4 25. Qe2 b6 26. Kg1 Kh8 27. Nc1 Bh6 28. Be5+ Bg7 29. Bf4 Rg8 30. Nd3 Bf6 31. Ne5 Rg7 32. Qe3 Bg5 33. Bxg5 Nxg5 34. Rf1 Ne4 35. Qf4 Qxf4 36. Rxf4 Kg8 37. g3 Kf8 38. Kg2 b5 39. Nd3 Rc7 40. Rh4 Kg7 41. Kf3 Ng5+ 42. Ke2 a5 43. a3 h6 44. Rf4 Ne4 45. Kd1 Kf6 46. Kc2 a4 47. Kd1 1/2-1/2

[Event "EU-ch U14 Girls 27th"]
[White "Krasteva, Beloslava"]
[Black "Khamenya, Vitalia"]
[Site "Mamaia"]
[Round "9"]
[Result "1-0"]
[Date "2017.09.14"]
[WhiteElo "2048"]
[BlackElo "1853"]
[PlyCount "113"]
[EventDate "2017.09.05"]
[EventType "swiss"]
[EventRounds "9"]
[EventCountry "ROU"]
[SourceTitle "CBM 180 Extra"]
[Source "ChessBase"]
[SourceDate "2017.10.06"]
[SourceVersion "1"]
[SourceVersionDate "2017.10.06"]
[SourceQuality "1"]

1. d4 Nf6 2. c4 g6 3. Nc3 Bg7 4. e4 d6 5. Nf3 0-0 6. Be2 e5 7. d5 a5 8. Be3 Na6 9. a3 Bd7 10. Nd2 Ne8 11. 0-0 f5 12. f3 f4 13. Bf2 g5 14. b4 axb4 15. axb4 Nxb4 16. Rb1 Na2 17. Nxa2 Rxa2 18. Rxb7 Qa8 19. Rb1 Ba4 20. Qe1 Qa5 21. Nb3 Qxe1 22. Rfxe1 Nf6 23. Nc1 Ra3 24. c5 Nd7 25. c6 Nc5 26. Bxc5 dxc5 27. Rb7 Rc8 28. Nd3 Rc3 29. Nb2 Bb3 30. d6 cxd6 31. Rxb3 Rxb3 32. Bc4+ Kf8 33. Bxb3 Rxc6 34. Bd5 Ra6 35. Nc4 Ke7 36. Rb1 Bf8 37. Rb7+ Kd8 38. Rxh7 Ra1+ 39. Kf2 Ra2+ 40. Kf1 Ra1+ 41. Ke2 Ra2+ 42. Nd2 Ra3 43. Rh8 Ke7 44. Rg8 Re3+ 45. Kd1 Ra3 46. Rxg5 Kf6 47. Rf5+ Ke7 48. h4 Ra1+ 49. Ke2 Rg1 50. Rg5 Bh6 51. Rg6 Bf8 52. Nc4 Rh1 53. Nxd6 Kd7 54. Nc4 Rxh4 55. Nxe5+ Kc7 56. Rc6+ Kd8 57. Ng6 1-0

[Event "EU-ch U14 Girls 27th"]
[White "Khamenya, Vitalia"]
[Black "Hajiyeva, Laman"]
[Site "Mamaia"]
[Round "8"]
[Result "1-0"]
[Date "2017.09.13"]
[WhiteElo "1853"]
[BlackElo "1818"]
[PlyCount "103"]
[EventDate "2017.09.05"]
[EventType "swiss"]
[EventRounds "9"]
[EventCountry "ROU"]
[SourceTitle "CBM 180 Extra"]
[Source "ChessBase"]
[SourceDate "2017.10.06"]
[SourceVersion "1"]
[SourceVersionDate "2017.10.06"]
[SourceQuality "1"]

1. d4 d5 2. e3 e6 3. Bd3 Nf6 4. Nf3 Bd6 5. 0-0 Nbd7 6. b3 0-0 7. Bb2 b6 8. Ne5 Bb7 9. Nd2 Ne4 10. f3 Nxd2 11. Qxd2 c5 12. f4 Rc8 13. Qe2 Nf6 14. f5 Qc7 15. g4 Bxe5 16. dxe5 Nd7 17. f6 g6 18. Qf2 d4 19. exd4 Qc6 20. Qg3 cxd4 21. Bxd4 Qd5 22. Bb2 Nc5 23. Be2 Qh1+ 24. Kf2 Ne4+ 25. Ke3 Nxg3 26. Rxh1 Nxh1 27. c4 Rfd8 28. Ba3 Rc5 29. Bxc5 bxc5 30. Rd1 Rd4 31. Rxd4 cxd4+ 32. Kxd4 Nf2 33. b4 Nh3 34. a4 Nf4 35. Bd1 Kf8 36. a5 Ke8 37. Ba4+ Kd8 38. c5 Nd5 39. c6 Bc8 40. b5 h5 41. gxh5 gxh5 42. h4 Kc7 43. Bd1 Nf4 44. Ke4 Ng6 45. Bxh5 Nh8 46. Be2 a6 47. bxa6 Kxc6 48. h5 Kc5 49. Kf4 Bxa6 50. Bxa6 Kb4 51. Kg5 Kxa5 52. Kh6 1-0

[Event "EU-ch U14 Girls 27th"]
[White "Khamenya, Vitalia"]
[Black "Hercog, Nusa"]
[Site "Mamaia"]
[Round "4"]
[Result "0-1"]
[Date "2017.09.08"]
[WhiteElo "1853"]
[BlackElo "2034"]
[PlyCount "77"]
[EventDate "2017.09.05"]
[EventType "swiss"]
[EventRounds "9"]
[EventCountry "ROU"]
[SourceTitle "CBM 180 Extra"]
[Source "ChessBase"]
[SourceDate "2017.10.06"]
[SourceVersion "1"]
[SourceVersionDate "2017.10.06"]
[SourceQuality "1"]

1. e4 c5 2. d4 cxd4 3. c3 dxc3 4. Nxc3 Nc6 5. Nf3 e6 6. Bc4 Qc7 7. 0-0 Nf6 8. Qe2 Ng4 9. Rd1 Bc5 10. Be3 Nxe3 11. fxe3 a6 12. a3 b5 13. Ba2 0-0 14. b4 Ba7 15. Rac1 Qf4 16. Nd4 Nxd4 17. exd4 Bxd4+ 18. Kh1 Bb7 19. Rf1 Qe5 20. Rf3 Bxc3 21. Rfxc3 Qxe4 22. Qxe4 Bxe4 23. Kg1 a5 24. Bb3 axb4 25. axb4 Bb7 26. Kf2 Rfc8 27. Rc5 d6 28. Rc7 Kf8 29. R1c2 Rxc7 30. Rxc7 Be4 31. g3 Ra3 32. Bd1 Bd3 33. Rb7 Ra1 34. Bf3 Rb1 35. Ke3 Bc4 36. Rb8+ Ke7 37. Rh8 h6 38. Rg8 Kf6 39. Kd4 0-1

[Event "GER-ch U14 Girls"]
[White "Khamenya, Vitalia"]
[Black "Muedder, Melanie"]
[Site "Willingen"]
[Round "8"]
[Result "1-0"]
[Date "2017.06.09"]
[WhiteElo "1792"]
[BlackElo "1881"]
[PlyCount "85"]
[EventDate "2017.06.04"]
[EventType "swiss"]
[EventRounds "9"]
[EventCountry "GER"]
[SourceTitle "CBM 178 Extra"]
[Source "ChessBase"]
[SourceDate "2017.06.22"]
[SourceVersion "1"]
[SourceVersionDate "2017.06.22"]
[SourceQuality "1"]

1. e4 c5 2. Nf3 Nc6 3. d4 cxd4 4. c3 dxc3 5. Nxc3 e6 6. Bc4 Nge7 7. Bg5 f6 8. Be3 Ng6 9. 0-0 Be7 10. Rc1 0-0 11. Qc2 a6 12. Rfd1 Qc7 13. a3 Kh8 14. Ba2 b5 15. Ne2 Bb7 16. Ned4 Rfc8 17. Nxc6 Bxc6 18. Nd4 Qb7 19. Nxc6 Rxc6 20. Rxd7 Rxc2 21. Rxb7 Rxc1+ 22. Bxc1 Rd8 23. Bb3 e5 24. g3 Rd3 25. Bc2 Rd8 26. Be3 h6 27. Bb3 Bf8 28. Ra7 Rd6 29. Bd5 Kh7 30. Kg2 Rd8 31. Rxa6 Rc8 32. Rc6 Rxc6 33. Bxc6 b4 34. a4 Ne7 35. Bb5 Nc8 36. a5 Bd6 37. a6 Bb8 38. Bc5 Na7 39. Ba4 Kg8 40. Bxb4 Kf7 41. Bc5 Ke6 42. b4 Nc8 43. b5 1-0